| 000 | 00771nam a2200241 a 4500 | ||
|---|---|---|---|
| 001 | 000032208 | ||
| 005 | 20200930063524.0 | ||
| 008 | 110713s2004 dr 000 f spa d | ||
| 040 |
_aDO-SdBNP _bspa _cBNPHU |
||
| 082 |
_a823 _bS425i |
||
| 100 | 1 |
_aScott, Walter _949123 |
|
| 240 | 1 | 0 |
_aIvanhoe _lspa |
| 245 | 1 | 0 |
_aIvanhoe / _cWalter Scott; traducción Montserrat Cónil. |
| 260 |
_a[s.l.] : _bExtremadura, _c2004. |
||
| 300 |
_a540 p. ; _c18 cm. |
||
| 590 | _aInventariado, 2020/YL | ||
| 650 | 4 |
_aCaballeros y caballerias _958284 |
|
| 650 | 4 |
_aJudios _958285 |
|
| 650 | 4 |
_aNovela historica escocesa _958286 |
|
| 651 | 4 |
_aGran Bretaña _xHistoria _yRICHARD I, 1189-1199 _958287 |
|
| 700 | 1 | 2 |
_aCónill, Montserrat _etr. _958288 |
| 910 | _aValidado. Control de calidad MFF | ||
| 999 |
_c31699 _d31699 |
||